000 01168cam a22002531 4500
001 sd 49000290
003 DLC
005 20260227112735.0
008 900917s1945 dcu 000 0 eng c
010 _asd 49000290
035 _a(OCoLC)22392169
040 _aU.S. Dept. of State Library
_cCSt-H
_dDLC
042 _apremarc
050 0 0 _aUB250
_b.U33 no. 2806
082 _a940.53436
110 1 _aUnited States.
_bOffice of Strategic Services.
_bResearch and Analysis Branch.
245 1 2 _aA civil affairs guide program for Austria and the applicability of the German guide.
260 _a[Washington]
_c1945.
300 _aiv, 11 p.
_c27 cm.
490 1 _aIts R & A,
_vno. 2806
500 _a"This study seeks to determine, on the basis of the Moscow agreement and other considerations pertinent to Austria, which German civil affairs guides are applicable to Austria and which are inapplicable, the character and scope of the new guides required, and the basic policy issues which must be setled in preparing such guides."
500 _a"First draft."
810 1 _aUnited States.
_bDepartment of State.
_bOffice of Intelligence Research.
_tR & A ;
_vno.2806.
999 _c90004
_d90004